000 01065nam a22002417a 4500
003 NALT
005 20251125232822.0
008 s2543 th tha d
020 _a9747220563
040 _aNALT
041 _atha
050 _aHD 57.7
_bท278อ 2543
100 0 _aทองใบ สุดชารี
_954721
245 1 0 _aเอกสารคำสอนรายวิชา ภาวะผู้นำและการจูงใจ /
_cทองใบ สุดชารี.
260 _aอุบลราชธานี :
_bคณะวิทยาการจัดการ สถาบันราชภัฎอุบลราชธานี,
_c2543.
300 _a348 หน้า :
_bตาราง ;
_c28 ซม.
650 4 _aการจูงใจ (จิตวิทยา)
_910706
650 4 _aภาวะผู้นำ
_95550
850 _aNALT
856 4 0 _uhttps://hdl.handle.net/20.500.14156/411198
942 _cGB
_2lcc
998 _bphon
_cphon
_j8
_k นายบัณฑิต อุทาวงค์
999 _c9362
_d9362